000 00515nam a22001817a 4500
003 DO-SdBNP
005 20171129084809.0
008 171129b xxu||||| |||| 00| 0 spa d
020 _a0878957502
040 _aBPMSU
_bspa
_cBPMSU
100 1 _aBlaustein , elliott
245 _aPothwoys experiences in science /
_cElliott Blaustein
260 _aCleveland
_bModern Curriculum Press
_c1974
300 _a248 p,
_bil.
_c24 cm
942 _2ddc
_cBK
945 _ainventariado extranjero / DG
956 _adgarcia
_b10
999 _c13191
_d13191